zpět

Detail výsledku týmu

Centrum Kosatec, Pardubice

Datum a čas kvízu

20 Celkem bodů Celkový počet nahraných bodů na tomto kvízu bez doplňovacích otázek.
11. Pořadí na kvízu Konečné umístění týmu na tomto kvízu.

Zaznamenané odpovědi

# Otázka Odpověď Body Výsledky
1. Co bylo hlavní motivací kavárn... C 1
2. Na Světovém ekonomickém fóru v... Václava Havla 1
3. Fotografií roku 2025 se v sout... A) konec hlubinné těžby uhlí na Ostravsku 1
4. V pondělí opustila přísně stře... Předmostecká/Předmostí 1
5. Ve kterém sportu povede nově č... A 1
6. Jak se jmenuje horolezec, jenž... Radek Jaroš 0
7. Jak se trojslovně jmenuje tato... lezení na rychlost 0
8. Jak se jmenuje tento základní... dračí smyčka 0
9. Za půl bodu napište jméno ikon... Matterhorn, Švýcarsko a Itálie 0
10. Jak se jmenuje fenomenální slo... B) Janja Garnbret 0